| 000 | 00485nam a2200169Ia 4500 | ||
|---|---|---|---|
| 999 |
_c29893 _d29893 |
||
| 003 | OSt | ||
| 005 | 20201207153528.0 | ||
| 008 | 190216s9999||||xx |||||||||||||| ||und|| | ||
| 040 | _coclc | ||
| 082 |
_a894.8124 _bVIJ/N |
||
| 100 |
_aVijayasundaran, Ezhukone _96955 |
||
| 245 | 0 |
_aNiyamavazhcha / _cEzhukone Vijayasundaran |
|
| 260 |
_bKaniv Books, _c2008. _aKollam: |
||
| 300 | _a96p | ||
| 650 | _aLekhanam | ||
| 942 |
_cBK _2ddc _h894.8124 _iVIJ/N _k894.8124 _mVIJ/N |
||